| 000 | 00649nam a22001697a 4500 | ||
|---|---|---|---|
| 005 | 20230216055947.0 | ||
| 008 | 230216b |||||||| |||| 00| 0 eng d | ||
| 020 | _a978-1-107-44996-1 | ||
| 082 | _a072.09034 J86 2019 | ||
| 245 |
_aJournalism and the periodical press in nineteenth-century Britain / _cedited by Joanne Shattock. |
||
| 260 |
_aCambridge, UK : _bCambridge University Press, _cc2019 |
||
| 300 |
_axxiv, 402p. : _bill. |
||
| 650 |
_aJournalism _zGreat Britain _vHistory _y19th century. |
||
| 650 |
_aPress _yGreat Britain _vHistory _z19th century. |
||
| 650 |
_aBristish newspaper _vHistory _y19th century. |
||
| 700 |
_aShattock, Joanne. _eeditor. |
||
| 999 |
_c1187 _d1187 |
||